| 000 | 00894nam a2200241 a 4500 | ||
|---|---|---|---|
| 008 | 130926s2004 ag ||||| |||| 00| 0 spa d | ||
| 020 | _a9874380160 | ||
| 092 |
_c001.42 _l57 _sNOC |
||
| 245 |
_aNociones básicas de metodología de la investigación en ciencias de la salud / _cJuan Ángel Basualdo |
||
| 250 | _a1a ed. | ||
| 260 |
_aLa Plata (Buenos Aires): _fGráfica Alemana; _g2004. |
||
| 300 | _a92 p. | ||
| 500 | _aBasualdo, J. A. et al. (2004). Nociones básicas de metodología de la investigación en ciencias de la salud. (1a ed.). Buenos Aires : Gráfica Alemana. | ||
| 653 | _aMetodologia | ||
| 653 | _aInvestigacion | ||
| 653 | _aRevision bibliografica | ||
| 653 | _aSalud comunitaria | ||
| 700 |
_aBasualdo, Juan Ángel _92613 |
||
| 700 |
_aGrenovero, Maria Silvia _92614 |
||
| 700 |
_aMinvielle, Maria Cecilia _92615 |
||
| 700 |
_aBarengo, Noel _92616 |
||
| 942 |
_2ddc _cBK |
||
| 999 |
_c1683 _d1683 |
||